Narrative of riots at Alton : in connection with the death of Rev. Elijah P. Lovejoy /

Bibliographic Details
Main Author: Beecher, Edward, 1803-1895
Format: Microform Book
Language:English
Published: Alton,Ill : G. Holton, 1838.
Subjects:

MARC

Tag First Indicator Second Indicator Subfields
LEADER 00000cam a2200000 a 4500
001 in00001132913
005 20150930085259.0
007 he bmb|||bucu
008 830201s1838 ilu b 000 0 eng d
035 |a (OCoLC)09179268 
035 |9 AFX8723AM 
040 |a EMT  |c EMT  |d m/c  |d TXA  |d UtOrBLW 
043 |a n-us-il 
049 |a TXAI 
090 |a F549.A4  |b B4 
099 |a fiche  |a C  |a 8019 
100 1 |a Beecher, Edward,  |d 1803-1895. 
245 1 0 |a Narrative of riots at Alton :  |b in connection with the death of Rev. Elijah P. Lovejoy /  |c by Edward Beecher. 
264 1 |a Alton,Ill :  |b G. Holton,  |c 1838. 
300 |a 159 pages ;  |c 19 cm. 
336 |a text  |b txt  |2 rdacontent 
337 |a microform  |b h  |2 rdamedia 
338 |a microfiche  |b he  |2 rdacarrier 
500 |a "Copied from the original in the Library of Congress." 
533 |a Microfiche.  |b Louisville, Ky.:  |c Lost Cause Press,  |d 1969.  |e 5 microfiches : negative ; 10 x 15 cm.  |f (Selected Americana from Sabin's Dictionary of books relating to America) 
539 |a s  |b 1969  |d kyu  |e n 
500 |a Microform. 
651 0 |a Alton (Ill.)  |x Riot, 1837. 
600 1 0 |a Lovejoy, Elijah P.  |q (Elijah Parish),  |d 1802-1837. 
999 |a MARS 
999 f f |s 4a3efccd-b47f-3c9d-8de4-7b5d84eee472  |i 24ea59cc-7803-357e-b7f8-61e64b334751  |t 0 
952 f f |p normal  |a Texas A&M University  |b College Station  |c Sterling C. Evans Library  |d Evans: Microforms (3rd floor)  |t 0  |e fiche C 8019  |h Other scheme  |i microform -- microfiche  |m A14822809388 
998 f f |a fiche C 8019  |t 0  |l Evans: Microforms (3rd floor)